000 00855nam a2200253Ia 4500
003 OSt
005 20220925202834.0
006 a|||||r|||| 00| 0
007 ta
008 220923b |||||||| |||| 00| 0 eng d
037 _cGeneral Book
040 _aRTL
_cRTL
_beng
041 _2eng
_aeng
082 _aX9(D) :77.2N9, N2/Th
100 _aVerma Neena
_9264447
245 0 _aDeterminants of corporate griwth
_b A study of engin
260 _aDelhi
_bUniversity of Delhi
_c1992
300 _a86p.
_ccm.
490 _aUniversity of Delhi, Commerce and Business (Faculty of-), Dissertation. Dissertation, University of Delhi, Commerce and Business (Faculty of-
650 _a ENGINEERING
_92968
650 _aINDUSTRIAL ECONOMICS
942 _hX9(D) :77.2N9, N2/Th
_cGB
_2CC
999 _c544317
_d544317